Statistiken für Top 15 Länder mit Covid-19-Todesfällen - 13. Oktober 2021

Klicken Sie hier um das Quiz zu spielen!

Allgemein

  • Dieses Quiz wurde 13 mal gespielt
  • Das Durchschnittsergebnis liegt bei 17 aus 25

Antwortstatistiken

Land% Korrekt
Deutschland
100%
Indien
100%
Russland
100%
Vereinigtes Königreich
100%
Vereinigte Staaten
100%
Argentinien
92%
Brasilien
92%
Frankreich
83%
Italien
83%
Indonesien
75%
Iran
75%
Kolumbien
75%
Mexiko
75%
Peru
75%
Tschechien
67%
Belgien
58%
Ungarn
50%
Bosnien und Herzegowina
42%
Slowakei
42%
Bulgarien
33%
Nordmazedonien
33%
Paraguay
33%
Slowenien
33%
Südafrika
33%
Georgien
25%

Verteilung der Resultate

Perzentil nach korrekt beantworteten Fragen

Anzahl Personen mit jedem Resultat

Ihre Resultats-Entwicklung

Sie haben dieses Quiz noch nicht gespielt